| 000 | 01035cam a2200253 i 4500 | ||
|---|---|---|---|
| 003 | SA-RiAUC | ||
| 005 | 20260317130408.0 | ||
| 008 | 260110s1907 ||| g 00000 ara c | ||
| 040 |
_aSA-RiAUC _bara _cSA-RiAUC _erda |
||
| 082 | 0 | 4 | _a953.078 |
| 090 |
_aم ن 953.078 _bر م ز |
||
| 100 | 1 |
_aرمزي، محمد، _d1871-1945 _eمؤلف. |
|
| 245 | 1 | 0 |
_aتلفيق الأخبار وتلقيح الآثار في وقائع قزان وبلفار وملوك التتار / _cم. م. الرمزي. |
| 250 | _aالطبعة الأولى. | ||
| 264 | 1 |
_aأورنبورغ : _b[الناشر غير محدد]، _c1907 |
|
| 264 | 3 |
_a[مكان الطبع غير محدد] : _bالمطبعة الكريمية والحسينية |
|
| 300 |
_a2 مجلد ؛ _c29 سم |
||
| 336 |
_aنص _btxt _2rdacontent _3كتاب |
||
| 337 |
_aبدون وسيط _bn _2rdamedia |
||
| 338 |
_aمجلد _bnc _2rdacarrier |
||
| 650 | 7 |
_aالمغول والتتار _xتاريخ _2aucsh |
|
| 942 |
_2ddc _cRBOOK COPY _n0 |
||
| 949 |
_aSA-JeALM _d260110 _umohamedma123 _n1 |
||
| 999 |
_c14671 _d14671 |
||